Κατάλογος Βιβλιοθηκών Mediterranean College

Η Κοινωνική Ψυχολογία στο Κατώφλι του 21ου Αιώνα / Η Ελληνική Πραγματικότητα (Record no. 105)

MARC details
000 -LEADER
fixed length control field 02262cam a22001934a 4500
005 - ΗΜΕΡΟΜΗΝΙΑ ΚΑΙ ΩΡΑ ΤΕΛΕΥΤΑΙΑΣ ΕΝΗΜΕΡΩΣΗΣ
Πεδίο ελέγχου 20250605163924.0
008 - FIXED-LENGTH DATA ELEMENTS--GENERAL INFORMATION
Πεδίο ελέγχου σταθερού μήκους 250528s ||||||||||||||||||||||||d
035 ## - SYSTEM CONTROL NUMBER
System control number 14475
020 ## - ISBN
ISBN 9603934100
040 ## - ΠΗΓΗ ΚΑΤΑΛΟΓΟΓΡΑΦΗΣΗΣ
Φορέας πρωτότυπης καταλογογράφησης MC Athens Campus Library
Γλώσσα καταλογογράφησης Ελληνικά, Μοντέρνα (1453-)
Modifying agency MC Athens Campus Library
Κανόνες περιγραφικής καταλογογράφησης AACR2
245 1# - ΤΙΤΛΟΣ ΚΑΙ ΔΗΛΩΣΗ ΥΠΕΥΘΥΝΟΤΗΤΑΣ
Τίτλος Η Κοινωνική Ψυχολογία στο Κατώφλι του 21ου Αιώνα / Η Ελληνική Πραγματικότητα
260 ## - PUBLICATION, DISTRIBUTION, ETC.
Name of publisher, distributor, etc. Ελληνικά Γράμματα,
Date of publication, distribution, etc. 2000
300 ## - PHYSICAL DESCRIPTION
Extent 224
520 ## - SUMMARY, ETC.
Summary, etc. Απόψεις και προβλέψεις γνωστών Ελλήνων κοινωνικών ψυχολόγων γύρω από το παρόν και το μέλλον της Κοινωνικής Ψυχολογίας στην Ελλάδα και τον υπόλοιπο κόσμο. Προλεγόμενα, Εισαγωγή, Κοινωνική Ψυχολογία και Μεθοδολογία, Ο Ερευνητής και η Έρευνα του, Χάος και Θεωρία Καταστροφών: η ''Μεθοδολογία'' της Νέας Χιλιετίας, Κοινωνική Ψυχολογία και Ιδεολογία, Τακτικές Διαχείρισης της Αντίφασης Ρατσισμού - Αντιρατσισμού, Αιτιώδη Δίκτυα και Διομαδικές Σχέσεις, Κοινωνική Ψυχολογία και Ψυχολογία, Ο Τρίτος Δρόμος της Κοινωνικής Ψυχολογίας: Πέρα από τη Σκύλλα της Κοινωνιολογίας και τη Χάρυβδη της Ψυχολογίας, Κοινωνική Ψυχολογία και Εφαρμογές, Κοινωνική Ψυχολογία και ''Αλτρουιστικό Μάρκετινγκ'': Πόσο Απέχει Τελικά το Πειραματικό Εργαστήριο από την Κοινωνική Πραγματικότητα, Αυτοκαταστροφικές Συμπεριφορές και Πρόληψη, Η Κοινωνική Ψυχολογία και οι Εφαρμογές της: Η Ψυχοκοινωνική Παρέμβαση, Επιλεγόμενα, Βιβλιογραφία.
700 1# - ΠΡΟΣΘΕΤΗ ΑΝΑΓΡΑΦΗ--ΦΥΣΙΚΟ ΠΡΟΣΩΠΟ
Personal name Παπαστάμου Στάμος
9 (RLIN) 160
942 ## - ADDED ENTRY ELEMENTS (KOHA)
Koha item type Books
Holdings
Τύπος τεκμηρίου Βιβλιοθήκη Τρέχουσα τοποθεσία Barcode Αριθμός εισαγωγής Ημερομηνία απόκτησης Ταξιθετικό σύμβολο Αριθμός αντιτύπου Κατάσταση απόσυρσης Κατάσταση χαμένου Κατάσταση κατεστραμμένου Μη δανεισμός Σύνολο δανεισμών Ημερομηνία τελευταίας εμφάνισης Η τιμή ισχύει από
Books MC Athens Campus Library MC Athens Campus Library 9780000001047 9494 05/06/2025 302.09495 PAP 1           05/06/2025 05/06/2025

MC Athens Campus Library
Πατησίων 94 & Κοδριγκτώνος 13, 104 34
Πελλήνης 8 & Πατησίων 107, 112 51
Τ: +30 210 8899600

MC Thessaloniki Campus Library
Ίωνος Δραγούμη 21, 54625 | Ίωνος Δραγούμη 15, 54625
Τ: +30 2310 287779 – Τ: +30 2314 440300